Sports Teams That Moved - Statistics

General Stats
  • This quiz has been taken 51 times
    16 since last reset
  • The average score is 14 of 16
Answer Stats
City Team % Correct
Brooklyn to Los Angeles Dodgers
100%
Vancouver to Memphis Grizzlies
100%
Philadelphia to Kansas City to Oakland Athletics
93%
New York to San Francisco Giants
93%
Minneapolis to Los Angeles Lakers
93%
Oakland to Las Vegas Raiders
93%
St. Louis to Los Angeles Rams
93%
Seattle to Oklahoma City Thunder
93%
Charlotte to New Orleans Pelicans
87%
Minneapolis to Dallas Stars
87%
Boston to Milwaukee to Atlanta Braves
80%
Montreal to Washington Nationals
80%
Houston to Nashville Titans
80%
Hartford to Raleigh Hurricanes
73%
Phoenix to Salt Lake City Mammoth
73%
Washington to Arlington Rangers
67%
No matching quizzes found
Score Distribution
Percent of People with Each Score
Percentile by Number Answered
Your Score History
You have not taken this quiz since the last reset